000 00879pam a2200265 a 4500
001 2470231
005 20200421093816.0
008 900202s1990 nyua 001 0 eng
010 _a 90032101
020 _a0812917561 :
_c$9.95
040 _aDLC
_cDLC
_dDLC
050 0 0 _aGV1450
_b.F53 1990
082 0 0 _a794.1/22
_220
100 1 _aFine, Reuben,
_d1914-1993.
_9387
245 1 4 _aThe ideas behind the chess openings /
_cReuben Fine.
250 _aAlgebraic ed., 1st ed.
260 _aNew York, NY :
_bD. McKay Co.,
_c1990.
300 _ax, 182 p. :
_bill. ;
_c20 cm.
500 _aIncludes index.
650 0 _aChess
_xOpenings.
856 4 2 _3Publisher description
_uhttp://www.loc.gov/catdir/description/random048/90032101.html
906 _a7
_bcbc
_corignew
_d1
_eocip
_f19
_gy-gencatlg
942 _2ddc
_cBK
999 _c2
_d2